Libro de lecturas del taller /
El documento se recopilan una serie de lecturas que surgieron como resultado del Taller sobre Reforma de las Políticas de Gobierno Relacionadas con la Conservación y el Desarrollo Forestal de América Latina, celebrado en Washington, D.C. en junio de 1994. Este libro constituye un compendio esencial...
Guardado en:
| Institution som forfatter: | |
|---|---|
| Format: | Procedimiento de la Conferencia Bog |
| Sprog: | Spanish |
| Udgivet: |
San José, Costa Rica
Instituto Interamericano de Cooperación para la Agricultura
1995
|
| Fag: | |
| Tags: |
Tilføj Tag
Ingen Tags, Vær først til at tagge denne postø!
|
MARC
| LEADER | 00000nam a22000007a 4500 | ||
|---|---|---|---|
| 003 | cru CIDCACS/IIS | ||
| 005 | 20230901105607.0 | ||
| 007 | ta | ||
| 008 | 161013t1995 -us||||| |||| 00| 0 spa d | ||
| 020 | |a 9290392843 | ||
| 040 | |c CRAI/IIS |a CRAI/IIS | ||
| 090 | |a 16.04.01 C828L | ||
| 111 | 2 | |9 160 |a Taller sobre Reforma de la Políticas de Gobierno Relacionadas con la Conservación y el Desarrollo Forestal de América Latina |c (Washington, D.C. : |d 1994 junio 1-3) | |
| 245 | 1 | |a Libro de lecturas del taller / |c editado por Hernán Cortés-Salas | |
| 260 | |a San José, Costa Rica |b Instituto Interamericano de Cooperación para la Agricultura |c 1995 | ||
| 300 | |a 315 páginas : |b tablas, gráficos | ||
| 520 | 3 | |a El documento se recopilan una serie de lecturas que surgieron como resultado del Taller sobre Reforma de las Políticas de Gobierno Relacionadas con la Conservación y el Desarrollo Forestal de América Latina, celebrado en Washington, D.C. en junio de 1994. Este libro constituye un compendio esencial que aborda de manera integral los desafíos y enfoques en la conservación y desarrollo forestal en la región latinoamericana. Se presenta como una valiosa fuente de conocimiento y reflexión para los interesados en la conservación y el desarrollo forestal en América Latina. Las lecturas seleccionadas ofrecen un panorama diverso y enriquecedor, contribuyendo al debate y la búsqueda de soluciones efectivas para los retos ambientales y socioeconómicos relacionados con los recursos forestales.RAR 06/2023 | |
| 650 | 0 | 0 | |2 OCDE |9 6275 |a DESARROLLO FORESTAL |
| 650 | 0 | 0 | |2 OCDE |9 2142 |a DESARROLLO ECONOMICO |
| 942 | |2 ddc |c LI | ||
| 999 | |c 18597 |d 18597 | ||



